000 00991nam a22002654a 4500
005 20090710150433.0
008 090105s2009 nyu b 001 0 eng
010 _aENG-94373
020 _a0070147566
_c225.00
020 _a9780070147560
_c225.00
035 _aEN-77906
037 _bDBAD / PUB
040 _adpl
_bEnglish
082 _a332.6322
100 _aStovall, Sam
245 _aThe seven rules of wall street:
_bcrash-tested investment strategies that beat the market /
_cby Sam Stovall
260 _aNew Delhi
_bTata McGraw-Hill Education
_c2009
270 _a7 West Patel Nagar
_bNew Delhi
_e110008
300 _axv, 176p.
_c20cm(pbk)
500 _aIncludes glossary and index
650 _aInvestments
650 _aSpeculation
942 _2ddc
_cEN
_mSTO
_h332.6322
999 _c28151
_d28151